000 00617cam a22002173a 4500
001 44369
003 PGUSA
005 20140828084019.0
008 131208s2013||||xxu|||||s|||||000 | eng d
040 _aPGUSA
_beng
042 _adc
100 1 _aBowes, Joseph
245 1 0 _aPals :
_bYoung Australians in Sport and Adventure
_h[electronic resource] /
_cJoseph Bowes
260 _bProject Gutenberg,
_c2013
506 _aPublic domain in the USA.
516 _aElectronic text
700 1 _aMacfarlane, John
830 0 _aProject Gutenberg
_v44369
856 4 0 _uhttp://www.gutenberg.org/ebooks/44369
942 _cEB
999 _c273620
_d273620